Clean water action plan : coastal research and monitoring strategy /

Bibliographic Details
Corporate Author: United States. Coastal Research and Monitoring Strategy Workgroup
Format: Government Document eBook
Language:English
Published: [Washington, D.C.] : The Workgroup, [2000]
Subjects:
Online Access:https://purl.fdlp.gov/GPO/LPS17885

MARC

Tag First Indicator Second Indicator Subfields
LEADER 00000cam a2200000Ia 4500
001 in00001677430
005 20211202194526.0
006 m d f
007 cr an-
008 020305s2000 dcua sb f000 0 eng d
035 |a (OCoLC)ocm49241278 
040 |a GPO  |c GPO  |d MvI  |d UtOrBLW 
049 |a WWW 
074 |a 0431-I-01 (online) 
086 0 |a EP 1.2:C 58/18  |z EP 1.2:D 58/18 
110 1 |a United States.  |b Coastal Research and Monitoring Strategy Workgroup. 
245 1 0 |a Clean water action plan :  |b coastal research and monitoring strategy /  |c by the Coastal Research and Monitoring Strategy Workgroup. 
246 3 0 |a Coastal research and monitoring strategy 
264 1 |a [Washington, D.C.] :  |b The Workgroup,  |c [2000] 
336 |a text  |b txt  |2 rdacontent 
337 |a computer  |b c  |2 rdamedia 
338 |a online resource  |b cr  |2 rdacarrier 
538 |a System requirements: Adobe Acrobat Reader. 
538 |a Mode of access: Internet from the Cleanwater web site. Address as of 2/28/02: http://www.cleanwater.gov/coastalresearch/H2Ofin.pdf; current access is available via PURL. 
500 |a Title from title screen. 
500 |a "September 2000." 
504 |a Includes bibliographical references. 
500 |a Electronic resource. 
650 0 |a Coastal ecology  |z United States. 
650 0 |a Environmental monitoring  |z United States. 
650 0 |a Water quality biological assessment  |z United States. 
650 0 |a Coasts  |z United States. 
776 0 |a Clean water action plan  |h iv, 34, 18, 10 p.  |w (OCoLC)47206982 
856 4 1 |u https://purl.fdlp.gov/GPO/LPS17885  |t 0 
999 |a MARS 
999 f f |s 30043883-556f-3e5c-a039-c92cdcfe6cd4  |i d5853898-ca4c-3f0e-b1c2-673099166f60  |t 0 
952 f f |a Texas A&M University  |b College Station  |c Electronic Resources  |d Available Online  |t 0  |e EP 1.2:D 58/18  |h Superintendent of Documents classification 
998 f f |a EP 1.2:D 58/18  |t 0  |l Available Online